Statistics for 200 největších měst ČR na slepé mapě

Click here to take the quiz!

General Stats

  • This quiz has been taken 306 times
    (291 since last reset)
  • The average score is 64 of 200

Answers on the Map

Answers color-coded by a green-red scale on the quiz's map according to % correct below.
 

Answer Stats

Answer% Correct
Brno
85%
Praha
80%
75%
České Budějovice
75%
Ostrava
75%
Liberec
74%
Plzeň
74%
Olomouc
68%
Ústí nad Labem
67%
Hradec Králové
66%
Zlín
66%
Pardubice
65%
Kladno
58%
Jablonec nad Nisou
57%
Karlovy Vary
55%
Mladá Boleslav
55%
Cheb
52%
Frýdek-Místek
52%
Jihlava
52%
Děčín
51%
Most
50%
Opava
49%
Břeclav
48%
Znojmo
47%
Havířov
45%
Česká Lípa
44%
Český Krumlov
44%
Hodonín
44%
Tábor
43%
Teplice
42%
Chomutov
41%
Jindřichův Hradec
41%
Přerov
41%
Šumperk
41%
Blansko
40%
Bruntál
40%
Krnov
40%
Prostějov
40%
Beroun
39%
Český Těšín
39%
Jeseník
39%
Karviná
39%
Kolín
39%
Písek
39%
Litoměřice
38%
Mariánské Lázně
38%
Mělník
38%
Příbram
38%
Benešov
36%
Chrudim
36%
Kutná Hora
36%
Vyškov
36%
Klatovy
35%
Kroměříž
34%
Otrokovice
34%
Rokycany
34%
Sokolov
34%
Varnsdorf
34%
Kadaň
33%
Litvínov
33%
Náchod
33%
Rakovník
33%
Trutnov
33%
Uherské Hradiště
33%
Vsetín
33%
Bohumín
32%
Čáslav
32%
Frenštát pod Radhoštěm
32%
Frýdlant nad Ostravicí
32%
Louny
32%
Poděbrady
32%
Strakonice
32%
Tachov
32%
Třebíč
32%
Třinec
32%
Havlíčkův Brod
31%
Hranice
31%
Jičín
31%
Klášterec nad Ohří
31%
Kopřivnice
31%
Kralupy nad Vltavou
31%
Nový Bor
31%
Nový Jičín
31%
Orlová
31%
Ostrov
31%
Říčany
31%
Rožnov pod Radhoštěm
31%
Slaný
31%
Žďár nad Sázavou
31%
Bílina
30%
Broumov
30%
Domažlice
30%
Jirkov
30%
Kaplice
30%
Mikulov
30%
Slavkov u Brna
30%
Vrchlabí
30%
Boskovice
28%
Frýdlant
28%
Hlučín
28%
Hrádek nad Nisou
28%
Kyjov
28%
Rumburk
28%
Žatec
28%
Chodov
27%
Kuřim
27%
Nymburk
27%
Uherský Brod
27%
Valašské Meziříčí
27%
Zábřeh
27%
Dačice
26%
Dobříš
26%
Nové Město na Moravě
26%
Rychnov nad Kněžnou
26%
Šternberk
26%
Třeboň
26%
Turnov
26%
Uničov
26%
Dubí
25%
Humpolec
25%
Ivančice
25%
Jesenice
25%
Napajedla
25%
Pelhřimov
25%
Sezimovo Ústí
25%
Sušice
25%
Svitavy
25%
Ústí nad Orlicí
25%
Úvaly
25%
Černošice
24%
Dvůr Králové nad Labem
24%
Jaroměř
24%
Králův Dvůr
24%
Kraslice
24%
Krupka
24%
Mohelnice
24%
Moravské Budějovice
24%
Neratovice
24%
Roudnice nad Labem
24%
Vlašim
24%
Benátky nad Jizerou
23%
Bystřice pod Hostýnem
23%
Česká Třebová
23%
Duchcov
23%
Litovel
23%
Lovosice
23%
Přelouč
23%
Veselí nad Moravou
23%
Vodňany
23%
Vysoké Mýto
23%
Brandýs nad Labem-Stará Boleslav
22%
Český Brod
22%
Hlinsko
22%
Hořovice
22%
Hostivice
22%
Letovice
22%
Lipník nad Bečvou
22%
Litomyšl
22%
Mnichovo Hradiště
22%
Odry
22%
Polička
22%
Příbor
22%
Roztoky
22%
Rýmařov
22%
Tišnov
22%
Týn nad Vltavou
22%
Bystřice nad Pernštejnem
20%
Červený Kostelec
20%
Choceň
20%
Chotěboř
20%
Holešov
20%
Hulín
20%
Nové Město nad Metují
20%
Přeštice
20%
Sedlčany
20%
Soběslav
20%
Stříbro
20%
Vratimov
20%
Hořice
19%
Kravaře
19%
Lanškroun
19%
Moravská Třebová
19%
Nový Bydžov
19%
Nýřany
19%
Prachatice
19%
Semily
19%
Šlapanice
19%
Velké Meziříčí
19%
Bílovec
18%
Milovice
18%
Nejdek
18%
Štětí
18%
Studénka
18%
Čelákovice
17%
Lysá nad Labem
17%
Milevsko
17%
Nová Paka
17%
Petřvald
17%
Vimperk
17%
Rychvald
15%

Score Distribution

Percentile by Number Answered

Percent of People with Each Score

Your Score History

You have not taken this quiz since the last reset